| 000 | 00472nam a2200205Ia 4500 | ||
|---|---|---|---|
| 003 | OSt | ||
| 005 | 20230403114226.0 | ||
| 008 | 210423s1984 xx 000 0 und d | ||
| 020 | _a0-451-52549-3 | ||
| 040 | _cAL | ||
| 041 | _aeng | ||
| 082 |
_a823.8 _223 _bKIPK |
||
| 100 |
_aKIPLING (Rudyard) _982535 |
||
| 245 | _aKim | ||
| 260 |
_aNew York _bSignet Classic _c1984 |
||
| 300 |
_a284 _bPB |
||
| 650 |
_aEnglish Fiction _982536 |
||
| 906 | _aKim | ||
| 942 |
_2ddc _cBK |
||
| 999 |
_c169094 _d169094 |
||